| 000 | 00622cam a2200217 4500 | ||
|---|---|---|---|
| 001 | 3194700 | ||
| 005 | 20180309044500.0 | ||
| 008 | 720727s1972 nyua b 001 0 eng | ||
| 010 | _a 77037026 | ||
| 020 | _a0471924350 | ||
| 040 |
_aDLC _cDLC _dDLC |
||
| 041 | _aeng | ||
| 080 | _a628.16 | ||
| 082 | 0 | 0 | _a628.16 WEB |
| 100 | 1 | _a12 | |
| 101 | _aKIM | ||
| 245 | 1 | 0 |
_aPhysicochemical processes for water quality control _c[by] Walter J. Weber, Jr. With contributions by Jack A. Borchardt [and others] |
| 504 | _aIncludes bibliographies. | ||
| 906 |
_a7 _bcbc _corignew _d2 _eocip _f19 _gy-gencatlg |
||
| 942 |
_2ddc _cBK |
||
| 999 |
_c44560 _d44560 |
||